Chirurgické léčení medulárního karcinomu štítné žlázy

Bibliographic Details
Main Author: Vlasák, Václav, 1928-2010 (Author)
Format: Article
Language:Czech
PhysicalDescription:Grafy 5., lit. 7 zázn. v češ., angl.
Subjects:

MARC

LEADER 00000nab a2200000 a 4500
001 vtls000289721
003 SK-MaSNL
005 20260304175344.0
008 220422c1985 xo 0 cze
015 |a SNBRA19rr/mm-uuuuu 
035 |a CL0299840 
040 |a SNKBUCL  |b slo  |c SNKBUCL  |e AACR2 
041 0 |a cze 
044 |a xo  |c SK 
080 |a 616.44:616.379-008.64  |2 1981 
080 |a 616.379-008.64  |2 1981 
100 1 |a Vlasák, Václav,  |d 1928-2010  |4 aut  |9 201052 
245 1 0 |a Chirurgické léčení medulárního karcinomu štítné žlázy  |c V. Vlasák 
300 |b Grafy 5., lit. 7 zázn. v češ., angl. 
650 0 7 |a žľaza štítna  |2 snkbucl  |9 923249 
650 0 7 |a diabetes mellitus  |2 snkbucl  |9 72741 
655 7 |a články zo zborníkov  |2 snkbucl  |9 166140 
773 0 |t Zborník prác 39. chirurgického dňa Kostlivého. Endokrinochirurgia  |d Bratislava : Slov. lek. spol. J. E. Purkyňa a Slov. chirurg. spol., 1985  |g S. 245-258 
850 |a Slovenská národná knižnica v Martine  |a MTA001 
852 |a SNK  |b KIS3GCP 
958 |a NB 
958 |a RK 
958 |a ME 
992 |a RZB 
999 |c 3013145  |d 3015075